<?xml version="1.0" encoding="UTF-8"?>
<record
    xmlns:xsi="http://www.w3.org/2001/XMLSchema-instance"
    xsi:schemaLocation="http://www.loc.gov/MARC21/slim http://www.loc.gov/standards/marcxml/schema/MARC21slim.xsd"
    xmlns="http://www.loc.gov/MARC21/slim">

  <leader>00665nam a2200169Ia 4500</leader>
  <controlfield tag="008">090711s9999    xx            000 0 und d</controlfield>
  <datafield tag="082" ind1=" " ind2=" ">
    <subfield code="b">715</subfield>
  </datafield>
  <datafield tag="100" ind1=" " ind2=" ">
    <subfield code="a">&#x92A;&#x94D;&#x930;&#x92D;&#x93E;&#x935;&#x933;&#x915;&#x930; &#x926;&#x93F;&#x932;&#x940;&#x92A;</subfield>
  </datafield>
  <datafield tag="245" ind1=" " ind2=" ">
    <subfield code="a">&#x926;&#x93F;&#x932;&#x93E;&#x92A; &#x92A;&#x94D;&#x930;&#x92D;&#x93E;&#x935;&#x933;&#x915;&#x930;&#x93E;&#x902;S&#x92F;&#x93E; &#x90F;&#x915;&#x93E;&#x902;&#x915;&#x93F;&#x915;&#x93E;</subfield>
  </datafield>
  <datafield tag="260" ind1=" " ind2=" ">
    <subfield code="c">1998</subfield>
  </datafield>
  <datafield tag="300" ind1=" " ind2=" ">
    <subfield code="a">51</subfield>
  </datafield>
  <datafield tag="600" ind1=" " ind2=" ">
    <subfield code="a">&#x92A;&#x94D;&#x930;&#x92D;&#x93E;&#x935;&#x933;&#x915;&#x930; &#x926;&#x93F;&#x932;&#x940;&#x92A;</subfield>
  </datafield>
  <datafield tag="630" ind1=" " ind2=" ">
    <subfield code="a">&#x926;&#x93F;&#x932;&#x93E;&#x92A; &#x92A;&#x94D;&#x930;&#x92D;&#x93E;&#x935;&#x933;&#x915;&#x930;&#x93E;&#x902;S&#x92F;&#x93E; &#x90F;&#x915;&#x93E;&#x902;&#x915;&#x93F;&#x915;&#x93E;</subfield>
  </datafield>
  <datafield tag="700" ind1=" " ind2=" ">
    <subfield code="a">&#x92A;&#x94D;&#x930;&#x92D;&#x93E;&#x935;&#x933;&#x915;&#x930; &#x926;&#x93F;&#x932;&#x940;&#x92A;</subfield>
  </datafield>
  <datafield tag="730" ind1=" " ind2=" ">
    <subfield code="a">&#x926;&#x93F;&#x932;&#x93E;&#x92A; &#x92A;&#x94D;&#x930;&#x92D;&#x93E;&#x935;&#x933;&#x915;&#x930;&#x93E;&#x902;S&#x92F;&#x93E; &#x90F;&#x915;&#x93E;&#x902;&#x915;&#x93F;&#x915;&#x93E;</subfield>
  </datafield>
  <datafield tag="942" ind1=" " ind2=" ">
    <subfield code="c">BOOK</subfield>
  </datafield>
  <datafield tag="999" ind1=" " ind2=" ">
    <subfield code="c">333451</subfield>
    <subfield code="d">333451</subfield>
  </datafield>
</record>
